[Event "ICS rated blitz match"]
[Site "204.178.125.65"]
[Date "2000.09.09"]
[Round "?"]
[White "hiperjediisback"]
[Black "Hossa"]
[Result "0-1"]
[WhiteElo "1958"]
[BlackElo "2603"]
[PlyCount "38"]
[EventDate "2000.??.??"]

1. d4 d5 2. Nf3 Nf6 3. Bf4 c6 4. e3 Qb6 5. Qc1 Nh5 6. Be5 Nd7 7. g4 Nxe5 8.
Nxe5 Nf6 9. f3 e6 10. a3 c5 11. c3 cxd4 12. exd4 Be7 13. Qc2 Nd7 14. Nd3 Bh4+
15. Nf2 e5 16. Qe2 O-O 17. dxe5 Nxe5 18. Bg2 Nd3+ 19. Kf1 Nxf2 {
hiperjediisback resigns} 0-1

[Event "ICS rated blitz match"]
[Site "204.178.125.65"]
[Date "2000.09.09"]
[Round "?"]
[White "Hossa"]
[Black "hiperjediisback"]
[Result "1-0"]
[WhiteElo "2604"]
[BlackElo "1957"]
[PlyCount "69"]
[EventDate "2000.??.??"]

1. e4 c5 2. Nf3 Nc6 3. d4 cxd4 4. Nxd4 g6 5. Nc3 Nf6 6. Nxc6 bxc6 7. e5 Ng8 8.
Bc4 Bg7 9. Qf3 e6 10. Bf4 Qa5 11. Qe3 Ne7 12. O-O O-O 13. a3 Ba6 14. b4 Nf5 15.
Qd2 Qb6 16. Na4 Qb7 17. Nc5 Bxc4 18. Nxb7 Bxf1 19. Rxf1 Rab8 20. Qxd7 Rfe8 21.
Nc5 Red8 22. Qxc6 Nd4 23. Qe4 a5 24. bxa5 Rbc8 25. Rd1 Rb8 26. a6 h6 27. a7
Nf3+ 28. Qxf3 Rxd1+ 29. Qxd1 Rb1 30. a8=Q+ Kh7 31. Qxb1 Bxe5 32. Bxe5 g5 33.
c4+ f5 34. Qbb7+ Kg6 35. Qe8# {hiperjediisback checkmated} 1-0

[Event "ICS rated blitz match"]
[Site "204.178.125.65"]
[Date "2000.09.09"]
[Round "?"]
[White "Hossa"]
[Black "kokomo"]
[Result "1-0"]
[WhiteElo "2615"]
[BlackElo "1921"]
[PlyCount "57"]
[EventDate "2000.??.??"]

1. e4 e5 2. Nf3 Nc6 3. Nc3 Nf6 4. Nxe5 Nxe5 5. d4 Ng6 6. e5 Ng8 7. Bc4 d5 8.
Bxd5 c6 9. Be4 c5 10. Bxg6 hxg6 11. d5 Ne7 12. d6 Nf5 13. Nd5 Bxd6 14. exd6
Qxd6 15. Bf4 Qe6+ 16. Qe2 Qxe2+ 17. Kxe2 Nd4+ 18. Kd2 O-O 19. Nc7 Rb8 20. Na6
Rd8 21. Nxb8 Ne6+ 22. Ke3 Nxf4 23. Kxf4 Bf5 24. g4 Bxc2 25. Rac1 g5+ 26. Kg3
Bg6 27. Rhe1 Rxb8 28. Rxc5 b6 29. Rxg5 {kokomo resigns} 1-0

[Event "ICS rated standard match"]
[Site "204.178.125.65"]
[Date "2000.09.09"]
[Round "?"]
[White "Hossa"]
[Black "PostModernist"]
[Result "1-0"]
[WhiteElo "2331"]
[BlackElo "2531"]
[PlyCount "121"]
[EventDate "2000.??.??"]

1. d4 Nf6 2. c4 c5 3. d5 g6 4. Nc3 Bg7 5. e4 d6 6. f4 e6 7. Nf3 exd5 8. cxd5
Nbd7 9. Bd3 O-O 10. O-O a6 11. e5 dxe5 12. fxe5 Ng4 13. Bg5 Qb6 14. Na4 Qa7 15.
Be2 b5 16. Nc3 c4+ 17. Qd4 Qxd4+ 18. Nxd4 Bxe5 19. Nc6 Bxh2+ 20. Kh1 Nde5 21.
Ne7+ Kg7 22. Nxc8 Rfxc8 23. Be7 f5 24. d6 Bg3 25. Bxg4 Nxg4 26. a4 b4 27. Nd5
Rcb8 28. d7 Kf7 29. Rad1 Nf2+ 30. Rxf2 Bxf2 31. Nxb4 a5 32. Nc6 Rb6 33. Rd6
Rxc6 34. Rxc6 Kxe7 35. Rc8 Kxd7 36. Rxa8 Bd4 37. Rxa5 Bxb2 38. Rc5 c3 39. a5
Kd6 40. Rc8 Kd7 41. Rc4 Bc1 42. Rxc3 Bf4 43. a6 Bb8 44. Ra3 Ba7 45. Rb3 Kc8 46.
Rb7 Bd4 47. Rxh7 Kb8 48. Rb7+ Ka8 49. Kh2 Be5+ 50. Kg1 Bd4+ 51. Kf1 Bh8 52. Ke2
Bd4 53. Kd3 Ba1 54. Kc4 Bh8 55. Rd7 Be5 56. Kb5 Bg3 57. a7 Bf2 58. Ka6 Bxa7 59.
Rxa7+ Kb8 60. Rg7 Kc8 61. Rxg6 {PostModernist resigns} 1-0

[Event "ICS rated blitz match"]
[Site "204.178.125.65"]
[Date "2000.09.10"]
[Round "?"]
[White "PostModernist"]
[Black "Hossa"]
[Result "1/2-1/2"]
[WhiteElo "2731"]
[BlackElo "2604"]
[PlyCount "183"]
[EventDate "2000.??.??"]

1. e4 e6 2. d4 d5 3. Nd2 c5 4. exd5 exd5 5. Ngf3 Nf6 6. Bb5+ Bd7 7. Bxd7+ Nbxd7
8. O-O Be7 9. dxc5 Nxc5 10. Nd4 O-O 11. Nf5 Re8 12. Nxe7+ Rxe7 13. Nf3 Qd6 14.
Bg5 Nce4 15. Bxf6 Nxf6 16. Nd4 Qf4 17. c3 Rae8 18. Qd3 Ng4 19. Qg3 Qxg3 20.
hxg3 g6 21. Rfd1 h6 22. a4 a6 23. a5 Re5 24. Rac1 R8e7 25. b3 Re8 26. Nc2 Re2
27. f3 Nf6 28. Nd4 Ra2 29. b4 Re5 30. Re1 Nd7 31. Rcd1 Rd2 32. Rxd2 Rxe1+ 33.
Kf2 Rb1 34. Re2 Kf8 35. g4 Rc1 36. Re3 b6 37. Rd3 Ne5 38. Rd2 Rxc3 39. axb6 Nd7
40. b7 Rc7 41. b5 axb5 42. Nxb5 Rxb7 43. Rxd5 Nf6 44. Rc5 Rb8 45. g3 Nd7 46.
Rd5 Nb6 47. Rd4 Rc8 48. Nd6 Rc2+ 49. Ke3 Ke7 50. Ne4 Rg2 51. f4 f6 52. f5 g5
53. Kf3 Rb2 54. Rd6 Rb3+ 55. Kg2 Rb2+ 56. Kh3 Nd7 57. Re6+ Kf7 58. Nd6+ Kg8 59.
Ne8 Kf7 60. Nc7 Nc5 61. Re3 Ra2 62. Nd5 Rd2 63. Nb4 Kf8 64. Re1 Rb2 65. Nd3 Rc2
66. Nxc5 Rxc5 67. Kg2 Rc4 68. Kf3 Rc3+ 69. Re3 Rc7 70. Re4 Rb7 71. Re1 Kf7 72.
Rd1 Rb3+ 73. Kf2 Ke7 74. Rd2 Rb4 75. Kf3 Rb7 76. Re2+ Kf8 77. Re4 Rb2 78. Re6
Rb3+ 79. Re3 Rxe3+ 80. Kxe3 Ke7 81. Ke4 Kd6 82. Kd4 Kc6 83. Kc4 Kd6 84. Kd3 Ke5
85. Ke3 Kd5 86. Kf3 Kd4 87. Kf2 Ke4 88. Ke2 Kd4 89. Kd2 Ke4 90. Ke2 Kd4 91. Kf2
Ke4 92. Ke2 {Game drawn by repetition} 1/2-1/2

[Event "ICS rated blitz match"]
[Site "204.178.125.65"]
[Date "2000.09.10"]
[Round "?"]
[White "Hossa"]
[Black "Knightfreak"]
[Result "1-0"]
[WhiteElo "2616"]
[BlackElo "2365"]
[PlyCount "79"]
[EventDate "2000.??.??"]

1. e4 c5 2. c3 d5 3. exd5 Qxd5 4. d4 Nf6 5. Nf3 e6 6. Bd3 cxd4 7. cxd4 Nc6 8.
O-O Be7 9. Nc3 Qd6 10. a3 O-O 11. Be3 b6 12. Qc2 Bb7 13. Bg5 g6 14. Nb5 Qd8 15.
Bh6 Re8 16. Be3 Rc8 17. Qe2 a6 18. Nc3 b5 19. Rfc1 Na5 20. Nd2 Qd7 21. b4 Nc6
22. Nf3 Nd5 23. Ne4 Nxe3 24. fxe3 Na7 25. Nc5 Bxc5 26. bxc5 Bxf3 27. Qxf3 Nc6
28. Bc2 Ne7 29. Rf1 Nf5 30. Rf2 Ng7 31. Raf1 f5 32. Bb3 Kh8 33. Rc1 Qc6 34. Qf4
Qc7 35. Qh4 Qe7 36. Qh6 e5 37. Rf3 Qf6 38. Rh3 Nh5 39. Rxh5 exd4 40. Qxh7# {
Knightfreak checkmated} 1-0

[Event "ICS rated blitz match"]
[Site "204.178.125.65"]
[Date "2000.09.10"]
[Round "?"]
[White "Knightfreak"]
[Black "Hossa"]
[Result "0-1"]
[WhiteElo "2359"]
[BlackElo "2622"]
[PlyCount "140"]
[EventDate "2000.??.??"]

1. e4 e5 2. Nf3 Nc6 3. Bb5 a6 4. Ba4 Nf6 5. O-O Be7 6. Re1 b5 7. Bb3 d6 8. c3
O-O 9. h3 Bb7 10. d4 Re8 11. Ng5 Rf8 12. Nf3 Re8 13. Ng5 Rf8 14. Nf3 a5 15. a4
b4 16. Nbd2 bxc3 17. bxc3 exd4 18. cxd4 Nb4 19. Qe2 d5 20. e5 Ne4 21. Bb2 Ba6
22. Qe3 Nd3 23. Reb1 Rb8 24. Ba3 Bxa3 25. Rxa3 Ndxf2 26. Raa1 Qd7 27. Nxe4 Nxe4
28. Bc2 Rxb1+ 29. Rxb1 Qc6 30. Rc1 Qb7 31. Ng5 Nxg5 32. Qxg5 Qb2 33. Qd2 Bd3
34. Kh2 Re8 35. Qxd3 Qxc1 36. Qxh7+ Kf8 37. Qh8+ Ke7 38. Qh4+ Kd7 39. Bf5+ Kc6
40. Bd3 Kb7 41. Qf2 Re7 42. Bb5 c6 43. Bd3 Qa1 44. Bc2 c5 45. dxc5 Qxe5+ 46. g3
Qe2 47. Kg2 Kc6 48. Bb3 Qe4+ 49. Qf3 Kxc5 50. Qxe4 dxe4 51. Kf2 e3+ 52. Ke2 Rb7
53. Bd1 Rd7 54. Bb3 Kb4 55. Bd1 Rxd1 56. Kxd1 Kxa4 57. Ke2 Kb3 58. Kxe3 a4 59.
Kd4 a3 60. Ke5 a2 61. Kd6 a1=Q 62. Ke7 Qe5+ 63. Kf8 Qxg3 64. Kxf7 Kc4 65. Kg8
Kd4 66. h4 Qxh4 67. Kxg7 Ke4 68. Kf7 Kf5 69. Ke8 Ke6 70. Kf8 Qh8# {
Knightfreak checkmated} 0-1

[Event "ICS rated blitz match"]
[Site "204.178.125.65"]
[Date "2000.09.10"]
[Round "?"]
[White "Hossa"]
[Black "Knightfreak"]
[Result "1-0"]
[WhiteElo "2628"]
[BlackElo "2353"]
[PlyCount "89"]
[EventDate "2000.??.??"]

1. d4 Nf6 2. c4 e6 3. Nf3 b6 4. g3 Ba6 5. b3 Bb4+ 6. Bd2 Be7 7. Bg2 Bb7 8. Nc3
d5 9. cxd5 exd5 10. O-O c5 11. Bf4 O-O 12. Qd3 Na6 13. a3 Rc8 14. Nb5 Ra8 15.
Qf5 Bc6 16. Nc3 Nc7 17. dxc5 bxc5 18. Ne5 Bb7 19. Rfd1 Bc8 20. Qc2 Bb7 21. Nc4
Qc8 22. Nd6 Bxd6 23. Bxd6 Re8 24. Bxc5 Ne6 25. Be3 Ng4 26. Bd4 Qc7 27. Qd3 Rac8
28. Nxd5 Bxd5 29. Bxd5 Nxd4 30. Qxd4 Nf6 31. Bf3 Red8 32. Qb2 Re8 33. Rac1 Qb6
34. e3 h6 35. Qd4 Qxb3 36. Rxc8 Rxc8 37. Qxa7 Qb2 38. Qb7 Qc2 39. a4 g6 40. Qe7
Kg7 41. a5 Rb8 42. a6 Rb2 43. Rf1 Ra2 44. a7 Qc5 45. Qxc5 {Knightfreak resigns}
1-0

[Event "ICS rated blitz match"]
[Site "204.178.125.65"]
[Date "2000.09.10"]
[Round "?"]
[White "Knightfreak"]
[Black "Hossa"]
[Result "1/2-1/2"]
[WhiteElo "2348"]
[BlackElo "2633"]
[PlyCount "96"]
[EventDate "2000.??.??"]

1. e4 e5 2. Nf3 Nc6 3. Bb5 a6 4. Ba4 Nf6 5. O-O Nxe4 6. d4 b5 7. Bb3 d5 8. dxe5
Be6 9. c3 Be7 10. Nbd2 O-O 11. Bc2 f5 12. exf6 Nxf6 13. Re1 Bg4 14. h3 Bh5 15.
Qe2 Qd7 16. Qe6+ Qxe6 17. Rxe6 Bd6 18. g4 Be8 19. Nd4 Nxd4 20. cxd4 Bd7 21. Re2
b4 22. Bd3 c5 23. dxc5 Bxc5 24. Nb3 Bd6 25. Be3 Rfe8 26. Rae1 Rec8 27. Bd4 h5
28. f3 hxg4 29. hxg4 Bg3 30. Rc1 Rxc1+ 31. Nxc1 Bf4 32. Nb3 Bb5 33. Nc5 Bd6 34.
Bxb5 axb5 35. b3 Rc8 36. Nd3 Nd7 37. Kf1 Rf8 38. Kg2 Ra8 39. Rc2 Re8 40. Kf2
Kf7 41. Rc6 Re6 42. Rc8 g5 43. Rh8 Be7 44. Rh7+ Ke8 45. Rh8+ Kf7 46. Rh7+ Ke8
47. Rh8+ Kf7 48. Rh7+ Ke8 {Game drawn by repetition} 1/2-1/2

[Event "ICS rated blitz match"]
[Site "204.178.125.65"]
[Date "2000.09.10"]
[Round "?"]
[White "Hossa"]
[Black "PostModernist"]
[Result "0-1"]
[WhiteElo "2622"]
[BlackElo "2724"]
[PlyCount "116"]
[EventDate "2000.??.??"]

1. d4 Nf6 2. c4 e6 3. Nf3 d5 4. Nc3 Be7 5. cxd5 exd5 6. Bf4 c6 7. e3 Bf5 8. Bd3
Bxd3 9. Qxd3 O-O 10. O-O Nbd7 11. Qf5 Re8 12. a3 a5 13. b3 Nb6 14. Ra2 Qd7 15.
Qc2 Nh5 16. Bg5 f6 17. Qd1 Bd6 18. Bh4 g5 19. Nd2 Qf7 20. Bg3 Nxg3 21. hxg3 Qf8
22. Ncb1 a4 23. Rb2 Qg7 24. Qg4 axb3 25. Rxb3 Nc4 26. Nxc4 dxc4 27. Rc3 b5 28.
Qf3 Ra6 29. d5 g4 30. Qf5 Be5 31. dxc6 Rxc6 32. Rc2 Qg6 33. Qd7 Ree6 34. Rfc1
Red6 35. Qb7 Rb6 36. Qc8+ Kg7 37. Rd2 Rxd2 38. Nxd2 Rb8 39. Qd7+ Kh6 40. Rd1 c3
41. Nb3 c2 42. Rd2 Ra8 43. Qc6 Rxa3 44. Nc1 b4 45. Qc5 Ra1 46. Rxc2 b3 47. Rc4
b2 48. Qf8+ Kh5 49. Qc8 b1=Q 50. Rc6 Qbd3 51. f4 Qxe3+ 52. Kh2 Bd4 53. Ne2 Qg1+
54. Nxg1 Bxg1+ 55. Kh1 Bc5+ 56. Kh2 Rh1+ 57. Kxh1 Qb1+ 58. Kh2 Qg1# {
Hossa checkmated} 0-1

[Event "ICS rated blitz match"]
[Site "204.178.125.65"]
[Date "2000.09.10"]
[Round "?"]
[White "K-AbdelRazik"]
[Black "Hossa"]
[Result "0-1"]
[WhiteElo "2427"]
[BlackElo "2611"]
[PlyCount "88"]
[EventDate "2000.??.??"]

1. d4 d5 2. c4 c6 3. Nc3 Nf6 4. Nf3 e6 5. Bg5 dxc4 6. e4 b5 7. Be2 h6 8. Bh4 g5
9. Bg3 b4 10. Na4 Nxe4 11. Bxc4 Nxg3 12. hxg3 Nd7 13. Qe2 Qa5 14. b3 Bg7 15.
O-O g4 16. Nh4 Bxd4 17. Rad1 Be5 18. Qxg4 Nf6 19. Qf3 Bd7 20. Rfe1 Ke7 21. Qe3
Bc3 22. Re2 Nd5 23. Bxd5 cxd5 24. Nf5+ Kd8 25. Nxc3 bxc3 26. Nd6 Ke7 27. Qe5 f6
28. Nf5+ Kf7 29. Qd6 Qd8 30. Rxd5 exf5 31. Qxd7+ Qxd7 32. Rxd7+ Kg6 33. Rc2
Rhd8 34. Rxd8 Rxd8 35. Rxc3 Rd1+ 36. Kh2 Rd2 37. a4 Rxf2 38. Rc7 a5 39. Rc5 Rb2
40. Rb5 Kg5 41. Kh3 Kg6 42. Kh4 Rb1 43. g4 f4 44. g5 h5 {K-AbdelRazik resigns}
0-1

[Event "ICS rated blitz match"]
[Site "204.178.125.65"]
[Date "2000.09.10"]
[Round "?"]
[White "Hossa"]
[Black "Knightfreak"]
[Result "1-0"]
[WhiteElo "2619"]
[BlackElo "2353"]
[PlyCount "157"]
[EventDate "2000.??.??"]

1. e4 c5 2. Nf3 d6 3. d4 cxd4 4. Nxd4 Nf6 5. Nc3 a6 6. Bg5 e6 7. f4 Qb6 8. Qd2
Qxb2 9. Rb1 Qa3 10. f5 Nc6 11. fxe6 fxe6 12. Nxc6 bxc6 13. e5 dxe5 14. Bxf6
gxf6 15. Ne4 f5 16. Nc3 Bg7 17. Rb3 Qe7 18. Qf2 O-O 19. Bc4 Kh8 20. O-O e4 21.
Qb6 Qa7 22. Ne2 e5 23. Qxa7 Rxa7 24. Rb6 f4 25. Rxc6 e3 26. Rd1 Bf5 27. Be6
Bxe6 28. Rxe6 Rc8 29. c3 h6 30. Red6 a5 31. Kf1 Kh7 32. Rb6 Rc4 33. Rd8 Rcc7
34. Rd5 Rf7 35. c4 e4 36. Nd4 f3 37. Rb1 e2+ 38. Nxe2 fxe2+ 39. Kxe2 a4 40. Ke3
Rfe7 41. c5 a3 42. Rb4 Rab7 43. Rxb7 Rxb7 44. c6 Rc7 45. Rc5 Bf8 46. Rc4 Kg6
47. Kxe4 Kf6 48. Kd5 Ke7 49. g3 Bg7 50. Re4+ Kd8 51. Ra4 Bb2 52. Kd6 Rc8 53.
Rg4 Be5+ 54. Kxe5 Rxc6 55. Ra4 Rc3 56. Ra7 Rc2 57. Rxa3 Rxh2 58. Ra7 h5 59. a4
h4 60. g4 Ra2 61. Ra8+ Ke7 62. a5 h3 63. Ra7+ Kf8 64. Kf6 Rf2+ 65. Kg6 h2 66.
Rh7 Ra2 67. Rh8+ Ke7 68. g5 Rxa5 69. Rxh2 Kf8 70. Rh8+ Ke7 71. Kh6 Ra1 72. Kg7
Rg1 73. g6 Rf1 74. Rh6 Ke8 75. Kh8 Rf6 76. Kh7 Re6 77. g7 Re7 78. Kh8 Kd7 79.
Rg6 {Knightfreak resigns} 1-0

[Event "ICS rated blitz match"]
[Site "204.178.125.65"]
[Date "2000.09.10"]
[Round "?"]
[White "Knightfreak"]
[Black "Hossa"]
[Result "0-1"]
[WhiteElo "2347"]
[BlackElo "2625"]
[PlyCount "75"]
[EventDate "2000.??.??"]

1. e4 e5 2. Nf3 Nc6 3. Bb5 a6 4. Ba4 Nf6 5. O-O Be7 6. Re1 b5 7. Bb3 d6 8. c3
O-O 9. h3 Bb7 10. d4 Re8 11. Nbd2 Bf8 12. a4 h6 13. d5 Ne7 14. Qe2 c6 15. dxc6
Bxc6 16. axb5 axb5 17. Rxa8 Qxa8 18. Bc2 Ng6 19. g3 Qc8 20. Kg2 Bd7 21. Ng1 Qc6
22. Nf1 d5 23. exd5 Qxd5+ 24. f3 Bc5 25. Be3 Nf4+ 26. Bxf4 exf4 27. Qd1 Rxe1
28. Qxe1 Bxg1 29. Kxg1 Bxh3 30. Qf2 fxg3 31. Qxg3 Qc5+ 32. Qf2 Qc4 33. Ne3 Qf4
34. Ng2 Qc1+ 35. Kh2 Bg4 36. Bd3 Bd7 37. Ne3 h5 38. Nf5 {Knightfreak resigns}
0-1

[Event "ICS rated blitz match"]
[Site "204.178.125.65"]
[Date "2000.09.10"]
[Round "?"]
[White "postalex"]
[Black "Hossa"]
[Result "0-1"]
[WhiteElo "2073"]
[BlackElo "2619"]
[PlyCount "62"]
[EventDate "2000.??.??"]

1. e4 e5 2. Nf3 Nc6 3. Bb5 a6 4. Ba4 Nf6 5. O-O Be7 6. Bxc6 dxc6 7. Re1 Bg4 8.
h3 Bxf3 9. Qxf3 O-O 10. d3 Bb4 11. Bd2 Bxd2 12. Nxd2 Qe7 13. Qe3 Nd7 14. f4
exf4 15. Qxf4 Qc5+ 16. Kh1 Qxc2 17. Nf3 Nc5 18. Qxc7 Nxd3 19. Rf1 Qxb2 20. Rab1
Qxa2 21. Rxb7 Qe2 22. Rbb1 Rfc8 23. Qb7 Nf2+ 24. Kg1 Nxe4 25. Ne5 Qe3+ 26. Kh2
Qg3+ 27. Kg1 Qxe5 28. Qxf7+ Kh8 29. Rb7 Nd6 30. Qe7 Qc5+ 31. Kh1 Nxb7 {
postalex resigns} 0-1

[Event "ICS rated blitz match"]
[Site "204.178.125.65"]
[Date "2000.09.10"]
[Round "?"]
[White "Hossa"]
[Black "matemastr"]
[Result "0-1"]
[WhiteElo "2620"]
[BlackElo "2308"]
[PlyCount "140"]
[EventDate "2000.??.??"]

1. e4 c5 2. Nf3 e6 3. d4 cxd4 4. Nxd4 Nc6 5. Nb5 d6 6. c4 Nf6 7. N1c3 a6 8. Na3
Be7 9. Be2 O-O 10. O-O b6 11. Be3 Bb7 12. Qb3 Nd7 13. Rfd1 Nc5 14. Qc2 Qc7 15.
Qd2 Rfd8 16. Nc2 Rac8 17. b4 Nd7 18. Rac1 Nce5 19. Na3 d5 20. cxd5 Bxb4 21.
Nab1 Qd6 22. dxe6 Qxe6 23. Qb2 Bc5 24. Bg5 Re8 25. Nd2 Qg6 26. Bf4 Bd4 27. Qb4
Nc6 28. Qd6 Nf6 29. Nd5 Rcd8 30. Nxf6+ Bxf6 31. Qc7 Nd4 32. Bc4 b5 33. Qxb7
bxc4 34. Re1 Qg4 35. g3 c3 36. Rxc3 Ne2+ 37. Rxe2 Qxe2 38. Ra3 Rxd2 39. Bxd2
Qxd2 40. Qb1 Bd4 41. Rf3 Qe2 42. Qb3 Rf8 43. Qd3 Bxf2+ 44. Kg2 Qxd3 45. Rxd3
Bb6 46. Rd6 Rb8 47. Kf3 Kf8 48. e5 a5 49. Rd7 Rc8 50. Rb7 Bg1 51. Rb1 Bxh2 52.
Kg2 Rc2+ 53. Kh3 Rxa2 54. Rh1 Ke7 55. Rb1 Ke6 56. Re1 a4 57. Rb1 a3 58. Rb8 Bg1
59. Kg4 Rc2 60. Re8+ Kd7 61. Ra8 a2 62. Ra4 Rc4+ 63. Rxc4 a1=Q 64. Rf4 Ke6 65.
Rc4 Qd1+ 66. Kh4 Be3 67. Rf4 Qh1+ 68. Kg4 h5+ 69. Kg5 Kxe5 70. g4 Bxf4# {
Hossa checkmated} 0-1

[Event "ICS rated blitz match"]
[Site "204.178.125.65"]
[Date "2000.09.10"]
[Round "?"]
[White "Hossa"]
[Black "hiperjediisback"]
[Result "1-0"]
[WhiteElo "2594"]
[BlackElo "1900"]
[PlyCount "73"]
[EventDate "2000.??.??"]

1. e4 c5 2. Nf3 Nc6 3. d4 cxd4 4. Nxd4 d6 5. Be3 Nf6 6. Bb5 Bd7 7. Nc3 e6 8.
Nxc6 bxc6 9. Bd3 d5 10. e5 Ng8 11. Ne2 c5 12. b3 Rc8 13. O-O Qa5 14. Bf4 Ne7
15. a4 Ng6 16. Bd2 Qb6 17. Bxg6 hxg6 18. Be3 Qd8 19. Qd2 Qh4 20. Bf4 g5 21. Bg3
Qh5 22. Rab1 Be7 23. Nc3 Qg4 24. Nb5 a6 25. Nd6+ Bxd6 26. exd6 f5 27. Be5 f4
28. Qd1 Qh4 29. h3 Rh7 30. Re1 d4 31. a5 Bc6 32. Qd3 Bb5 33. Qg6+ Kd7 34. Qf7+
Kc6 35. d7 Rd8 36. Qxe6+ Kb7 37. Qb6+ {hiperjediisback resigns} 1-0

[Event "ICS rated blitz match"]
[Site "204.178.125.65"]
[Date "2000.09.10"]
[Round "?"]
[White "hiperjediisback"]
[Black "Hossa"]
[Result "0-1"]
[WhiteElo "1899"]
[BlackElo "2595"]
[PlyCount "58"]
[EventDate "2000.??.??"]

1. d4 d5 2. Nf3 Nf6 3. Bf4 c6 4. e3 Qb6 5. Qc1 Nh5 6. Be5 Nd7 7. Bg3 Nxg3 8.
hxg3 Nf6 9. Ne5 e6 10. a3 c5 11. dxc5 Bxc5 12. b4 Bd6 13. Nf3 a5 14. c3 axb4
15. cxb4 O-O 16. Nbd2 Qa7 17. Qb2 Qa4 18. Bd3 Bxb4 19. Rh4 Bxd2+ 20. Nxd2 Qa5
21. Qe5 Qc5 22. Ke2 Rxa3 23. Rah1 Rxd3 24. Kxd3 Qb5+ 25. Kc2 Qe2 26. Qf4 Bd7
27. Qxf6 gxf6 28. Rxh7 Rc8+ 29. Kb3 Qb5+ {hiperjediisback resigns} 0-1

[Event "ICS rated blitz match"]
[Site "204.178.125.65"]
[Date "2000.09.10"]
[Round "?"]
[White "hiperjediisback"]
[Black "Hossa"]
[Result "0-1"]
[WhiteElo "1897"]
[BlackElo "2597"]
[PlyCount "52"]
[EventDate "2000.??.??"]

1. d4 d5 2. Nf3 Nf6 3. Bf4 c6 4. e3 Qb6 5. b3 Bf5 6. c3 c5 7. Bd3 Bxd3 8. Qxd3
c4 9. Qd1 cxb3 10. Qxb3 Nbd7 11. Qxb6 Nxb6 12. Nbd2 Rc8 13. Rc1 Nh5 14. Be5 f6
15. Bg3 Nxg3 16. hxg3 e6 17. Ke2 Kd7 18. Kd3 Ba3 19. Rc2 h6 20. e4 Rc6 21. e5
Be7 22. Nb3 Nc4 23. exf6 gxf6 24. Re1 Rhc8 25. Nh4 Na3 26. Rcc1 Nb5 {
hiperjediisback resigns} 0-1

[Event "ICS rated blitz match"]
[Site "204.178.125.65"]
[Date "2000.09.10"]
[Round "?"]
[White "Hossa"]
[Black "Frank-theFrog"]
[Result "1-0"]
[WhiteElo "2598"]
[BlackElo "2577"]
[PlyCount "130"]
[EventDate "2000.??.??"]

1. e4 e5 2. Nf3 Nc6 3. Nc3 Nf6 4. Nxe5 Nxe5 5. d4 Nc6 6. d5 Ne5 7. f4 Ng6 8. e5
Ng8 9. d6 cxd6 10. exd6 Qb6 11. Qe2+ Kd8 12. f5 Bxd6 13. fxg6 hxg6 14. h3 Nf6
15. Qd3 Re8+ 16. Kd1 Be5 17. Na4 Qb4 18. Qc4 Qxc4 19. Bxc4 d5 20. Bb5 Bd7 21.
Bxd7 Kxd7 22. Nc5+ Kc8 23. Rf1 Bd4 24. Nd3 Re4 25. g4 Re7 26. c3 Bb6 27. Bg5
Re6 28. Bd2 Re7 29. Bg5 Re6 30. Bd2 Be3 31. g5 Bxd2 32. gxf6 Bh6 33. fxg7 Bxg7
34. Rxf7 Bh6 35. Rh7 Bg5 36. Rb1 Rb8 37. Kc2 Be3 38. Re1 Re4 39. Rf1 Re8 40.
Rff7 Bb6 41. Nf4 d4 42. cxd4 g5 43. Nd5 Bd8 44. Rf3 Ra8 45. Rb3 Re6 46. Rbxb7
Re2+ 47. Kc3 Rb8 48. Rxa7 Rbxb2 49. Nb4 Rxb4 50. Kxb4 Kb8 51. Rhb7+ Kc8 52. Rf7
Kb8 53. Kc5 Rb2 54. Kd5 Rb5+ 55. Ke4 Rb2 56. Kd3 Rh2 57. Rfb7+ Kc8 58. Rh7 Kb8
59. Ra3 g4 60. Kc4 Rc2+ 61. Kd5 gxh3 62. Raxh3 Bc7 63. Rh8+ Kb7 64. Rb3+ Ka7
65. a4 Rd2 {Frank-theFrog resigns} 1-0

[Event "ICS rated blitz match"]
[Site "204.178.125.65"]
[Date "2000.09.10"]
[Round "?"]
[White "Frank-theFrog"]
[Black "Hossa"]
[Result "1-0"]
[WhiteElo "2562"]
[BlackElo "2613"]
[PlyCount "75"]
[EventDate "2000.??.??"]

1. d4 Nf6 2. c4 e6 3. Nf3 d5 4. Nc3 Be7 5. Bg5 O-O 6. e3 h6 7. Bf4 Nh5 8. Be5
f6 9. Bxc7 Qxc7 10. Nh4 Qb6 11. Ng6 Rf7 12. Rb1 Bb4 13. Be2 dxc4 14. Bxh5 Qa5
15. O-O Bxc3 16. bxc3 Qxa2 17. d5 Qa5 18. dxe6 Bxe6 19. Rb5 Qc7 20. Rxb7 Qc8
21. Rxf7 Nc6 22. Rf8+ Qxf8 23. Nxf8 Rxf8 24. Qd6 Nd8 25. Bg6 Bg4 26. Bh7+ Kxh7
27. Qxf8 Nc6 28. Rb1 Ne5 29. Rb7 Nd7 30. Qe7 a5 31. f3 Bf5 32. e4 Be6 33. Qxe6
Nc5 34. Qf5+ Kg8 35. Qxc5 Kh7 36. Qf8 Kg6 37. Qxg7+ Kh5 38. Qg4# {
Hossa checkmated} 1-0

[Event "ICS rated blitz match"]
[Site "204.178.125.65"]
[Date "2000.09.10"]
[Round "?"]
[White "Hossa"]
[Black "brutus"]
[Result "1-0"]
[WhiteElo "2595"]
[BlackElo "2230"]
[PlyCount "49"]
[EventDate "2000.??.??"]

1. e4 e6 2. d4 d5 3. Nc3 Nf6 4. Bg5 Bb4 5. e5 h6 6. Bd2 Bxc3 7. bxc3 Ne4 8. Qg4
g6 9. Nf3 c5 10. Bb5+ Bd7 11. a4 Bxb5 12. axb5 Nxd2 13. Nxd2 c4 14. O-O a5 15.
bxa6 Rxa6 16. Rxa6 bxa6 17. Rb1 O-O 18. h4 h5 19. Qf4 Qc7 20. Nf3 Nc6 21. Qh6
Rb8 22. Ra1 a5 23. Ng5 Rb2 24. Nh7 f5 25. Nf6+ {brutus resigns} 1-0

[Event "ICS rated blitz match"]
[Site "204.178.125.65"]
[Date "2000.09.10"]
[Round "?"]
[White "brutus"]
[Black "Hossa"]
[Result "1/2-1/2"]
[WhiteElo "2227"]
[BlackElo "2598"]
[PlyCount "78"]
[EventDate "2000.??.??"]

1. e4 e6 2. d4 d6 3. f4 d5 4. e5 c5 5. c3 Nc6 6. Nf3 cxd4 7. cxd4 Nh6 8. Bd3
Nf5 9. Bxf5 exf5 10. O-O Be7 11. Nc3 a6 12. Be3 b5 13. a3 O-O 14. b4 Bb7 15.
Qb3 Na7 16. Rfc1 Rc8 17. Ne2 Qd7 18. Rxc8 Nxc8 19. Nc1 Nb6 20. Nd3 Nc4 21. Nc5
Qc6 22. Bf2 Re8 23. Re1 Bc8 24. Bh4 Qg6 25. Bxe7 Rxe7 26. Rf1 Rc7 27. Qc3 Qg4
28. g3 Qh5 29. Ng5 h6 30. Nf3 Bb7 31. Rf2 Qg4 32. Kg2 Bc8 33. Nd2 Qd1 34. Nxc4
bxc4 35. Rd2 Qe1 36. Rc2 Qd1 37. Rd2 Qe1 38. Rc2 Qd1 39. Rd2 Qe1 {
Game drawn by repetition} 1/2-1/2

[Event "ICS rated blitz match"]
[Site "204.178.125.65"]
[Date "2000.09.10"]
[Round "?"]
[White "QueenMaxima"]
[Black "Hossa"]
[Result "1-0"]
[WhiteElo "2449"]
[BlackElo "2585"]
[PlyCount "153"]
[EventDate "2000.??.??"]

1. d4 d5 2. c4 c6 3. Nf3 Nf6 4. e3 Bf5 5. cxd5 cxd5 6. Bb5+ Nbd7 7. O-O e6 8.
Nh4 Be4 9. Nc3 h6 10. Bd2 a6 11. Ba4 b5 12. Bc2 Bxc2 13. Qxc2 Rc8 14. Qd3 Bd6
15. Rac1 Nb6 16. Nf3 Nc4 17. Rc2 b4 18. Ne2 O-O 19. Rfc1 Qa5 20. a3 Rb8 21.
Bxb4 Bxb4 22. axb4 Qxb4 23. Ne5 Nxe5 24. dxe5 Nd7 25. f4 Qb3 26. Qd2 Qb4 27.
Qxb4 Rxb4 28. Nd4 Rb7 29. b3 g5 30. g3 Kh7 31. Kf1 gxf4 32. gxf4 Rg8 33. Rc6
Nb8 34. Rc7 Rxc7 35. Rxc7 Kg6 36. Ke2 h5 37. Kd3 Rg7 38. Rc8 Nd7 39. b4 Kh7 40.
Ra8 Nb6 41. Rxa6 Nc4 42. Ra7 Nb2+ 43. Ke2 Nc4 44. b5 h4 45. Kd3 h3 46. Nc6 Kg8
47. e4 Rg2 48. exd5 exd5 49. Ne7+ Kg7 50. Nf5+ Kg6 51. Nh4+ Kh5 52. Nxg2 hxg2
53. Ra1 Kg4 54. Ke2 Kxf4 55. Rg1 Kxe5 56. Kd3 Kd6 57. Rxg2 Kc5 58. Rg5 Nb2+ 59.
Ke3 Nd1+ 60. Kd2 Nb2 61. h4 Nc4+ 62. Ke2 f6 63. Rf5 Nd6 64. b6 Nxf5 65. b7 Nd4+
66. Ke1 Kc6 67. b8=Q f5 68. Qb2 Ne6 69. h5 d4 70. h6 f4 71. h7 d3 72. h8=Q d2+
73. Qxd2 Nc7 74. Qhc3+ Kb7 75. Qd7 f3 76. Qcc6+ Kb8 77. Qdxc7# {
Hossa checkmated} 1-0

[Event "ICS rated standard match"]
[Site "204.178.125.65"]
[Date "2000.09.10"]
[Round "?"]
[White "Hossa"]
[Black "BrazilianMaster"]
[Result "0-1"]
[WhiteElo "2355"]
[BlackElo "2558"]
[PlyCount "80"]
[EventDate "2000.??.??"]

1. e4 c5 2. Nc3 Nc6 3. f4 e6 4. Nf3 Nge7 5. Be2 Ng6 6. d4 cxd4 7. Nxd4 Bb4 8.
Nxc6 bxc6 9. O-O Qb6+ 10. Kh1 Bxc3 11. bxc3 Ba6 12. Bxa6 Qxa6 13. e5 O-O 14.
Be3 Qa5 15. Qd3 Rfb8 16. c4 Rb2 17. a3 Qa4 18. Rf2 Rab8 19. Raf1 h6 20. Qxd7
Qxc4 21. Qxa7 R8b5 22. Rc1 Rd5 23. Qa8+ Kh7 24. a4 Ra2 25. Qb7 Qxa4 26. h4 Ra1
27. Rff1 Rxc1 28. Bxc1 Qxc2 29. Be3 Qe4 30. Bc1 Nxh4 31. Rg1 Rd3 32. Kh2 Qe2
33. Be3 Nf5 34. Rf1 Nxe3 35. Qxc6 Ng4+ 36. Kg1 Qe3+ 37. Kh1 Qg3 38. Qe4+ g6 39.
Qxg6+ fxg6 40. Kg1 Qh2# {Hossa checkmated} 0-1